000 00399nam a2200109Ia 4500
008 171204s9999 xx 000 0 und d
245 _aOpen-Air Rock-Art Conservation and Management: State of the Art and Future Perspectives
245 _cAntonio Pedro Batarda Fernandes and Timothy Darvill
260 _c2014
650 _xArt Appreciation
856 _uhttp://down.ebook777.com/056/9780415843775.pdf
999 _c345474
_d345474